000 01118cam a2200313 a 4500
001 15751070
003 Ke-BoTe
005 20220513153828.0
008 090527s2009 ke ab b 001 0 eng
010 _a 2009349541
020 _a9789966805317
020 _a9966805311
040 _aDLC
_cDLC
_dDLC
042 _alcode
043 _af------
050 0 0 _aJQ1875.A35
_bA38 2009
100 1 _aAdeyemo, Tokunboh.
_92999
245 1 0 _aAfrica's enigma and leadership solutions /
_cTokunboh Adeyemo.
260 _aNairobi, Kenya :
_bWordAlive Publishers,
_cc2009.
300 _avii, 138 p. :
_bill., map ;
_c21 cm.
504 _aIncludes bibliographical references (p. 131-133) and index.
650 0 _aPolitical leadership
_zAfrica.
_95354
651 0 _aAfrica
_xPolitics and government
_y21st century.
_95355
651 0 _aAfrica
_xSocial conditions.
_95356
651 0 _aAfrica
_xEconomic conditions.
_95357
906 _a7
_bcbc
_corigode
_d3
_encip
_f20
_gy-gencatlg
942 _2lcc
_cBK
_n0
999 _c2635
_d2635